000 00732cam a22002653a 4500
001 22867
003 PGUSA
005 20140828083503.0
008 071003s2007||||xxu|||||s|||||000 1 eng d
040 _aPGUSA
_beng
042 _adc
050 4 _aPS
100 1 _aNourse, Alan Edward,
_d1928-1992
245 1 0 _aMeeting of the Board
_h[electronic resource] /
_cAlan Edward Nourse
260 _bProject Gutenberg,
_c2007
506 _aPublic domain in the USA.
516 _aElectronic text
653 _aIndustrial relations -- Fiction
653 _aScience fiction
653 _aShort stories
653 _aSatire
830 0 _aProject Gutenberg
_v22867
856 4 0 _uhttp://www.gutenberg.org/ebooks/22867
942 _cEB
999 _c252122
_d252122